[Event "4NCL Online Division 5"]
[Site "online"]
[Date "2021.09.21"]
[EventDate "2021.09.21"]
[Round "3.164"]
[White "O'Connor, David"]
[WhiteElo "1200"]
[WhiteTeam "Cork"]
[Black "Tew, Ben"]
[BlackElo "1400"]
[BlackTeam "Streatham B"]
[Result "1/2-1/2"]
[PlyCount "165"]

1. d4 f5 2. Nf3 Nf6 3. g3 g6 4. Bg2 Bg7 5. O-O O-O 6. c4 d6 7. Nc3 Nbd7 8. Ng5 Nb6 9. Qb3 c5 10. dxc5 dxc5 11. Rd1 Qc7 12. a4 h6 13. Nf3 e5 14. Nb5 Qe7 15. Nh4 Kh7 16. e3 e4 17. Bf1 Be6 18. a5 Nc8 19. Ng2 g5 20. Be2 a6 21. Nc3 Rb8 22. Nd5 Nxd5 23. cxd5 Bf7 24. Bxa6 Nd6 25. Be2 Rfc8 26. Qa3 Qe5 27. f4 exf3 28. Bxf3 Nb5 29. Qa4 Nc7 30. d6 Ne6 31. Qc2 c4 32. Rd5 Nd4 33. exd4 Qe8 34. d7 Qe7 35. dxc8=Q Rxc8 36. Rb5 Bxd4+ 37. Kf1 c3 38. Qxf5+ Bg6 39. Rxb7 Rc7 40. Rxc7 Qxc7 41. Qe6 cxb2 42. Bxb2 Bxb2 43. Re1 Qxa5 44. Qe7+ Bg7 45. Ne3 Qb5+ 46. Be2 Bd3 47. Bxd3+ Qxd3+ 48. Kf2 Kg6 49. Qe6+ Kh5 50. Qg4+ Kg6 51. h4 Bd4 52. Qe6+ Kh5 53. Qg4+ Kg6 54. h5+ Kh7 55. Qd7+ Kg8 56. Qe6+ Kh8 57. Qxh6+ Kg8 58. Qxg5+ Kf8 59. Qf4+ Kg7 60. Kf3 Bc3 61. Qg5+ Kf8 62. Qf5+ Qxf5+ 63. Nxf5 Bxe1 64. g4 Bc3 65. Ke4 Kg8 66. Nd4 Kh7 67. g5 Bd2 68. Kf5 Be3 69. Ne6 Bc1 70. Nf4 Bd2 71. Ne6 Bc1 72. Nf8+ Kg8 73. Ng6 Kh7 74. Kf6 Bb2+ 75. Kf5 Bc1 76. h6 Bd2 77. Nf8+ Kg8 78. Ne6 Kh7 79. Nf4 Bc1 80. Nh5 Bd2 81. Nf6+ Kh8 82. Kg6 Bxg5 83. Kxg5 1/2-1/2

[Event "4NCL Online Division 5"]
[Site "online"]
[Date "2021.09.21"]
[EventDate "2021.09.21"]
[Round "3.171"]
[White "Harrison, Peter K"]
[WhiteElo "1659"]
[WhiteTeam "Devana Corieltauvorum"]
[Black "Kerrane, John"]
[BlackElo "1673"]
[BlackTeam "Hebden Bridge 3"]
[Result "1-0"]
[PlyCount "39"]

1. d4 d5 2. Nf3 Nf6 3. c4 e6 4. e3 c5 5. Nc3 Nc6 6. cxd5 Nxd5 7. Bb5 Qb6 8. Nxd5 exd5 9. Bxc6+ bxc6 10. O-O Bg4 11. h3 Bh5 12. Re1 Be7 13. e4 dxe4 14. Rxe4 Bg6 15. Re1 Rd8 16. Qe2 Rd7 17. dxc5 Qxc5 18. Ne5 Rc7 19. Bf4 Rb7 20. Rac1 1-0

[Event "4NCL Online Division 5"]
[Site "online"]
[Date "2021.09.21"]
[EventDate "2021.09.21"]
[Round "3.172"]
[White "Blinkhorn, Joshua"]
[WhiteElo "1571"]
[WhiteTeam "Hebden Bridge 3"]
[Black "Wylie, Steve"]
[BlackElo "1676"]
[BlackTeam "Devana Corieltauvorum"]
[Result "1-0"]
[PlyCount "33"]

1. e4 d5 2. exd5 Qxd5 3. Nc3 Qd8 4. d4 Nf6 5. Nf3 Bf5 6. Ne5 Nbd7 7. Qf3 Bxc2 8. Qxb7 Qc8 9. Qc6 a6 10. Nd5 Nxd5 11. Nxd7 Ba4 12. Nf6+ Kd8 13. Qxd5+ Bd7 14. Nxd7 e6 15. Qc6 Bb4+ 16. Bd2 Bxd2+ 17. Kxd2 1-0

[Event "4NCL Online Division 5"]
[Site "online"]
[Date "2021.09.21"]
[EventDate "2021.09.21"]
[Round "3.173"]
[White "Pettitt, David"]
[WhiteElo "1627"]
[WhiteTeam "Devana Corieltauvorum"]
[Black "Catlow, Robert"]
[BlackElo "1411"]
[BlackTeam "Hebden Bridge 3"]
[Result "1-0"]
[PlyCount "41"]

1. d4 Nf6 2. c4 g6 3. Nf3 d6 4. e3 Bg7 5. Nbd2 O-O 6. b3 Nc6 7. Be2 e5 8. dxe5 dxe5 9. e4 Qe7 10. Qc2 h6 11. O-O Ne8 12. Bb2 Kh7 13. Rad1 f5 14. a3 f4 15. b4 b6 16. Nb3 Bb7 17. Rd2 g5 18. h3 h5 19. Rfd1 g4 20. Rd7 Qe6 21. Ng5+ 1-0

[Event "4NCL Online Division 5"]
[Site "online"]
[Date "2021.09.21"]
[EventDate "2021.09.21"]
[Round "3.174"]
[White "Sullivan, Terry"]
[WhiteElo "1400"]
[WhiteTeam "Hebden Bridge 3"]
[Black "Johnson, Andy G"]
[BlackElo "1654"]
[BlackTeam "Devana Corieltauvorum"]
[Result "0-1"]
[PlyCount "82"]

1. d4 d6 2. c4 g6 3. e4 Bg7 4. Nf3 Nd7 5. Nc3 c5 6. d5 Ngf6 7. Be2 a6 8. O-O Rb8 9. a4 O-O 10. Rb1 Re8 11. Bd2 Nf8 12. h3 e6 13. Qc1 exd5 14. exd5 Bf5 15. Ra1 Ne4 16. Nxe4 Bxe4 17. Bh6 Qf6 18. Bxg7 Kxg7 19. Rd1 Bxd5 20. cxd5 Rxe2 21. Rd2 Rbe8 22. Rxe2 Rxe2 23. Rb1 Nd7 24. Kf1 Re4 25. Qg5 Rxa4 26. Qxf6+ Nxf6 27. b3 Rb4 28. Nd2 Nxd5 29. Nc4 Nc3 30. Rb2 Ne4 31. Na5 d5 32. f3 Nd6 33. Rd2 d4 34. Nc4 Nxc4 35. bxc4 Rxc4 36. Kf2 b5 37. Ra2 Ra4 38. Re2 d3 39. Re5 c4 40. Ke3 Ra2 41. g4 Re2+ 0-1

[Event "4NCL Online Division 5"]
[Site "online"]
[Date "2021.09.21"]
[EventDate "2021.09.21"]
[Round "3.181"]
[White "Dunford, Anthony D"]
[WhiteElo "1798"]
[WhiteTeam "The Hemel's Gambit"]
[Black "Poynton, Edward"]
[BlackElo "1519"]
[BlackTeam "QMUL B"]
[Result "0-1"]
[PlyCount "50"]

1. e4 e6 2. d4 d5 3. Nc3 c5 4. exd5 Nf6 5. Bg5 Be7 6. dxc5 Nxd5 7. Bxe7 Qxe7 8. Nxd5 exd5+ 9. Qe2 Be6 10. Qe3 O-O 11. O-O-O Nd7 12. Rxd5 Rfe8 13. Rd2 Qxc5 14. Qxc5 Nxc5 15. Bb5 Rec8 16. b3 Ne4 17. Re2 Nc3 18. Rd2 Nxb5 19. Nf3 Rd8 20. Rhd1 Rxd2 21. Rxd2 f6 22. Kb2 Kf7 23. c4 Nc7 24. Kc3 Re8 25. b4 b5 0-1

[Event "4NCL Online Division 5"]
[Site "online"]
[Date "2021.09.21"]
[EventDate "2021.09.21"]
[Round "3.182"]
[White "Bakar, Moyeen"]
[WhiteElo "1418"]
[WhiteTeam "QMUL B"]
[Black "Dunks, Peter"]
[BlackElo "1658"]
[BlackTeam "The Hemel's Gambit"]
[Result "0-1"]
[PlyCount "44"]

1. d4 Nf6 2. c4 e6 3. Nc3 Bb4 4. Bd2 O-O 5. e4 Bxc3 6. Bxc3 Nxe4 7. Bd3 Nxc3 8. Bxh7+ Kxh7 9. Qh5+ Kg8 10. bxc3 Qf6 11. Nf3 b6 12. Ng5 Qh6 13. Qf3 Nc6 14. Qg4 d5 15. cxd5 exd5 16. Qg3 Re8+ 17. Kd1 Qh5+ 18. Kc2 Qe2+ 19. Kb3 Na5+ 20. Kb4 Bd7 21. Rhe1 Qb5+ 22. Ka3 Nc4# 0-1

[Event "4NCL Online Division 5"]
[Site "online"]
[Date "2021.09.21"]
[EventDate "2021.09.21"]
[Round "3.183"]
[White "Huhn, Robert M"]
[WhiteElo "1397"]
[WhiteTeam "The Hemel's Gambit"]
[Black "Camara, Pedro"]
[BlackElo "1391"]
[BlackTeam "QMUL B"]
[Result "1-0"]
[PlyCount "53"]

1. c4 e5 2. Nc3 Nf6 3. Nf3 d6 4. g3 Be7 5. Bg2 O-O 6. O-O Nbd7 7. d4 c6 8. Qc2 Re8 9. Rd1 Bf8 10. e4 d5 11. exd5 e4 12. dxc6 bxc6 13. Ne5 Qc7 14. Nxd7 Bxd7 15. Nxe4 Nxe4 16. Bxe4 g6 17. Bf4 Bd6 18. Bxd6 Qxd6 19. b3 Re7 20. d5 cxd5 21. Bxd5 Qb8 22. Bxa8 Qxa8 23. Re1 Qf3 24. Rxe7 Bh3 25. Qe4 Qf6 26. Re8+ Kg7 27. Qe5 1-0

[Event "4NCL Online Division 5"]
[Site "online"]
[Date "2021.09.21"]
[EventDate "2021.09.21"]
[Round "3.184"]
[White "Suulker, Cem"]
[WhiteElo "1077"]
[WhiteTeam "QMUL B"]
[Black "Wrzesinski, Roman"]
[BlackElo "1241"]
[BlackTeam "The Hemel's Gambit"]
[Result "0-1"]
[PlyCount "82"]

1. c4 c6 2. Nc3 d5 3. Nf3 Bg4 4. cxd5 cxd5 5. d4 e6 6. g3 Bxf3 7. exf3 Nc6 8. f4 Bb4 9. a3 Ba5 10. Bg2 Nge7 11. O-O Bb6 12. Be3 Nf5 13. Ne2 Qf6 14. Rc1 O-O 15. Qd3 Nfxd4 16. Nxd4 Bxd4 17. Bxd4 Nxd4 18. Rc7 Rab8 19. b4 a6 20. a4 Nc6 21. b5 Qd8 22. b6 Qd6 23. Rc1 Qb4 24. Ra1 Qxb6 25. Rd7 Nd8 26. Rc1 Nc6 27. Rb1 Nb4 28. Qc3 a5 29. Rc7 Rfd8 30. Bf1 h6 31. Be2 Qd6 32. Bb5 d4 33. Qc4 d3 34. Rd1 d2 35. f5 Qe5 36. Rxd2 Rxd2 37. Rc8+ Rd8 38. Bd7 Rbxc8 39. Bxc8 Rd1+ 40. Kg2 Qd5+ 41. Qxd5 exd5 0-1

[Event "4NCL Online Division 5"]
[Site "online"]
[Date "2021.09.21"]
[EventDate "2021.09.21"]
[Round "3.191"]
[White "Smith, Bob"]
[WhiteElo "1429"]
[WhiteTeam "East Kilbride Rovers"]
[Black "Thomas, Jacob"]
[BlackElo "1481"]
[BlackTeam "War & Piece Banner"]
[Result "1-0"]
[PlyCount "108"]

1. Nf3 c5 2. c4 d6 3. g3 Nf6 4. Bg2 e5 5. d3 Be7 6. O-O O-O 7. Nc3 Be6 8. Bg5 Nbd7 9. a3 Rb8 10. b4 b6 11. Bxf6 Nxf6 12. Ng5 Bc8 13. Nge4 Bb7 14. Nxf6+ Bxf6 15. Nd5 Re8 16. Rb1 Be7 17. e3 Qd7 18. b5 g6 19. Qa4 Bxd5 20. Bxd5 Kg7 21. Qc2 h5 22. f4 Rf8 23. Qb2 Bf6 24. Qe2 Qf5 25. e4 Qh3 26. Qg2 Qg4 27. f5 gxf5 28. Rxf5 Rh8 29. Rbf1 Rh6 30. Qf3 Qxf3 31. R1xf3 Rbh8 32. Rf1 Rg6 33. R1f2 h4 34. Rg2 hxg3 35. Rxg3 Rxg3+ 36. hxg3 Rh6 37. Kg2 Rg6 38. Kf2 Rg5 39. Rf3 Kg6 40. Kg2 Rh5 41. Rf1 Rg5 42. a4 Rh5 43. Ra1 Bd8 44. Rf1 f5 45. exf5+ Rxf5 46. Be4 Kf7 47. Rxf5+ Bf6 48. Bd5+ Ke7 49. g4 Bh4 50. Kh3 Bf6 51. g5 Bh8 52. Kg4 Kd7 53. Kh5 Kc7 54. Rf7+ Kd8 1-0

[Event "4NCL Online Division 5"]
[Site "online"]
[Date "2021.09.21"]
[EventDate "2021.09.21"]
[Round "3.192"]
[White "Bailey, Duncan"]
[WhiteElo "1389"]
[WhiteTeam "War & Piece Banner"]
[Black "Shrestha, Unnabh"]
[BlackElo "1439"]
[BlackTeam "East Kilbride Rovers"]
[Result "1/2-1/2"]
[PlyCount "75"]

1. c4 c5 2. Nc3 Nc6 3. g3 g6 4. Bg2 Bg7 5. d3 d6 6. a3 Nf6 7. Rb1 Nd7 8. Nf3 O-O 9. O-O Nb6 10. Qd2 Qc7 11. b4 cxb4 12. axb4 a5 13. Nb5 Qd7 14. bxa5 Nxa5 15. Bb2 Nb3 16. Qc2 Nc5 17. Bxg7 Kxg7 18. Qc3+ f6 19. Rfd1 e5 20. e4 Qc6 21. Nd2 Be6 22. d4 Nca4 23. Qb4 exd4 24. Nxd4 Qd7 25. Qb5 Qf7 26. f4 Nxc4 27. Nxe6+ Qxe6 28. Nxc4 Nc3 29. Qxb7+ Kh6 30. Rxd6 Qxc4 31. Rd7 Rh8 32. Rxh7+ Rxh7 33. Qxa8 Nxb1 34. Qf8+ Rg7 35. Qh8+ Rh7 36. Qf8+ Rg7 37. Qh8+ Rh7 38. Qf8+ 1/2-1/2

[Event "4NCL Online Division 5"]
[Site "online"]
[Date "2021.09.21"]
[EventDate "2021.09.21"]
[Round "3.193"]
[White "Peakman, Jonlee"]
[WhiteElo "1261"]
[WhiteTeam "East Kilbride Rovers"]
[Black "O'Neill, Stephen G"]
[BlackElo "1385"]
[BlackTeam "War & Piece Banner"]
[Result "1-0"]
[PlyCount "39"]

1. d4 d6 2. c4 e5 3. e3 Nf6 4. Nc3 c6 5. Bd3 d5 6. cxd5 exd4 7. exd4 Nxd5 8. Nf3 Bb4 9. Qc2 g6 10. O-O O-O 11. Bh6 Re8 12. Rfe1 Bd6 13. Rxe8+ Qxe8 14. Re1 Be6 15. Ng5 Qd7 16. Nxe6 fxe6 17. Bxg6 hxg6 18. Qxg6+ Kh8 19. Rxe6 Qh7 20. Re8+ 1-0

[Event "4NCL Online Division 5"]
[Site "online"]
[Date "2021.09.21"]
[EventDate "2021.09.21"]
[Round "3.194"]
[White "Blair, Jimmy"]
[WhiteElo "1382"]
[WhiteTeam "War & Piece Banner"]
[Black "Shrestha, Deepesh"]
[BlackElo "1233"]
[BlackTeam "East Kilbride Rovers"]
[Result "1/2-1/2"]
[PlyCount "96"]

1. e4 c6 2. Nf3 d5 3. exd5 cxd5 4. d4 Nc6 5. Bb5 a6 6. Be2 Bf5 7. Nc3 e6 8. O-O Nf6 9. Bg5 h6 10. Bh4 g5 11. Nxg5 hxg5 12. Bxg5 Bh6 13. Bxh6 Rxh6 14. Na4 Nd7 15. Qd2 Qh4 16. f3 Nxd4 17. Nc3 Qxh2+ 18. Kf2 Qh5 19. Rh1 Nxf3 20. Bxf3 Qxh1 21. Rxh1 Rxh1 22. Qg5 Bxc2 23. Qg8+ Nf8 24. Qg3 d4 25. Bxb7 Rd8 26. Bc6+ Nd7 27. Qg8+ Ke7 28. Qg5+ f6 29. Qg7+ Kd6 30. Bxd7 Rxd7 31. Qg3+ e5 32. Ne2 d3 33. Nd4 Kd5 34. Nb3 Rb1 35. Qg8+ Kc6 36. Qc8+ Kd6 37. Qxa6+ Ke7 38. Nc5 Rd6 39. Qb7+ Ke8 40. Qc8+ Rd8 41. Qe6+ Kf8 42. Qxf6+ Ke8 43. Qxe5+ Kf7 44. Qe6+ Kf8 45. Qf6+ Ke8 46. Qe6+ Kf8 47. Qf5+ Ke7 48. Qe6+ Kf8 1/2-1/2

[Event "4NCL Online Division 5"]
[Site "online"]
[Date "2021.09.21"]
[EventDate "2021.09.21"]
[Round "3.201"]
[White "Richards, Maurice A"]
[WhiteElo "1497"]
[WhiteTeam "Bude Surfers B"]
[Black "Nancarrow, Richard"]
[BlackElo "1499"]
[BlackTeam "Manaccan Maulers"]
[Result "1-0"]
[PlyCount "125"]

1. d4 d5 2. Nf3 Nf6 3. g3 e6 4. Bg2 Be7 5. c4 c6 6. cxd5 cxd5 7. O-O O-O 8. Nc3 Nc6 9. Bf4 Bd6 10. Bxd6 Qxd6 11. Rc1 a6 12. Na4 Nd7 13. Nc5 Nxc5 14. Rxc5 b6 15. Rc3 Bd7 16. Qd2 Rac8 17. a3 b5 18. b4 Qe7 19. Rfc1 h6 20. h4 f6 21. Ne1 Rc7 22. e3 Rfc8 23. Nd3 Ra7 24. Nc5 Qf7 25. Qc2 Rcc7 26. Nxd7 Qxd7 27. Rxc6 Rxc6 28. Qxc6 Kf7 29. Qxd7+ Rxd7 30. Rc6 Ra7 31. Bh3 f5 32. Bf1 Ke7 33. Kg2 Kd7 34. Rc5 Kd6 35. h5 Ke7 36. Kf3 Kf6 37. Kf4 g5+ 38. hxg6 Kxg6 39. Ke5 a5 40. Rxb5 axb4 41. axb4 Ra1 42. Bd3 Rd1 43. Bxf5+ exf5 44. Rb6+ Kg5 45. b5 Rd2 46. Rf6 Rxf2 47. b6 Re2 48. Rxf5+ Kg4 49. Rf4+ Kxg3 50. Kxd5 Rxe3 51. Re4 Rb3 52. Kc6 Rc3+ 53. Kb7 Rb3 54. Re5 Kf4 55. Rh5 Rb4 56. d5 Rb5 57. Kc6 Rb1 58. d6 Rc1+ 59. Kb7 Rd1 60. Rxh6 Ke5 61. Kb8 Rb1 62. b7 Rb6 63. Kc7 1-0

[Event "4NCL Online Division 5"]
[Site "online"]
[Date "2021.09.21"]
[EventDate "2021.09.21"]
[Round "3.202"]
[White "Doubleday, Peter"]
[WhiteElo "1402"]
[WhiteTeam "Manaccan Maulers"]
[Black "Constable, Christine F"]
[BlackElo "1415"]
[BlackTeam "Bude Surfers B"]
[Result "1-0"]
[PlyCount "85"]

1. e4 g6 2. d4 Bg7 3. Nf3 d6 4. Be3 Nd7 5. Bc4 Ngf6 6. Nbd2 a6 7. c3 b5 8. Bb3 O-O 9. h3 Bb7 10. Bc2 e5 11. O-O a5 12. Qe2 Ba6 13. Bd3 Rb8 14. a4 c6 15. axb5 Bxb5 16. Bxb5 cxb5 17. Nh2 a4 18. f4 Nh5 19. f5 Ng3 20. Qg4 Nxf1 21. Rxf1 Nf6 22. Qe2 Nh5 23. Qf2 Qf6 24. g4 exd4 25. Bxd4 Qg5 26. Be3 Qf6 27. gxh5 gxh5 28. Bd4 Qg5+ 29. Kh1 f6 30. Rg1 Qxg1+ 31. Qxg1 Kf7 32. Qd1 Ke7 33. Qxh5 Rh8 34. Ng4 Rbf8 35. Ne3 Kd7 36. Qe2 Kc6 37. Nd5 Rhg8 38. Nb4+ Kc7 39. Qxb5 Bh6 40. Qc6+ Kd8 41. Bb6+ Ke7 42. Nd5+ Kf7 43. Qd7# 1-0

[Event "4NCL Online Division 5"]
[Site "online"]
[Date "2021.09.21"]
[EventDate "2021.09.21"]
[Round "3.203"]
[White "Russell, Lloyd"]
[WhiteElo "1323"]
[WhiteTeam "Bude Surfers B"]
[Black "Scully, Pat"]
[BlackElo "1380"]
[BlackTeam "Manaccan Maulers"]
[Result "1-0"]
[PlyCount "92"]

1. d4 c6 2. Nf3 d5 3. Bg5 Nf6 4. e3 Bg4 5. Nbd2 Nbd7 6. h3 Bxf3 7. Nxf3 Qa5+ 8. c3 e6 9. Bd3 Be7 10. O-O O-O-O 11. b4 Qc7 12. b5 h6 13. Bf4 Bd6 14. Bxd6 Qxd6 15. bxc6 Qxc6 16. c4 Kb8 17. c5 Ne4 18. Qe2 a6 19. Rfc1 Ndf6 20. Rab1 Ka8 21. Rb6 Qc7 22. Ne5 Rb8 23. f3 Ng3 24. Qf2 Nf5 25. Bxf5 exf5 26. Qb2 Nd7 27. Nxd7 Qxd7 28. c6 bxc6 29. Rxa6+ Qa7 30. Rxa7+ Kxa7 31. Qa3+ Kb7 32. Rb1+ Kc7 33. Rxb8 Rxb8 34. Qe7+ Kc8 35. Qxf7 Rb7 36. Qxf5+ Kb8 37. Qe5+ Ka7 38. Qd6 Rb1+ 39. Kh2 Rb6 40. Kg3 Ka6 41. f4 c5 42. Qxd5 Rg6+ 43. Kf3 h5 44. Qxh5 Rh6 45. Qxc5 Rb6 46. d5 g5 1-0

[Event "4NCL Online Division 5"]
[Site "online"]
[Date "2021.09.21"]
[EventDate "2021.09.21"]
[Round "3.204"]
[White "Evdokimova, Maria"]
[WhiteElo "1428"]
[WhiteTeam "Manaccan Maulers"]
[Black "Ongley, Kieran M"]
[BlackElo "845"]
[BlackTeam "Bude Surfers B"]
[Result "1-0"]
[PlyCount "61"]

1. d4 d5 2. c4 c6 3. Nf3 Bf5 4. Nc3 Nf6 5. Nh4 g5 6. Nxf5 e6 7. Ng3 Bb4 8. Bxg5 Rg8 9. f4 c5 10. e3 cxd4 11. exd4 dxc4 12. Bxc4 Qc7 13. Bb5+ Kd8 14. Bxf6+ Kc8 15. O-O Bxc3 16. Rc1 Rg6 17. Rxc3 Nc6 18. Be5 Qa5 19. Bxc6 bxc6 20. Rxc6+ Kd7 21. Rd6+ Ke7 22. f5 exf5 23. Nxf5+ Kf8 24. Rxg6 hxg6 25. Bd6+ Kg8 26. Nh6+ Kg7 27. Nxf7 Qxa2 28. Be5+ Kh7 29. Ng5+ Kg8 30. Qf3 Qxb2 31. Qf7# 1-0

[Event "4NCL Online Division 5"]
[Site "online"]
[Date "2021.09.21"]
[EventDate "2021.09.21"]
[Round "3.211"]
[White "Vernon, Colin G"]
[WhiteElo "1644"]
[WhiteTeam "Wolfpack 2"]
[Black "Walsh, Shaun"]
[BlackElo "1412"]
[BlackTeam "Downend 2"]
[Result "0-1"]
[PlyCount "58"]

1. e4 e6 2. d4 d5 3. Nc3 Nf6 4. e5 Nfd7 5. Nf3 c5 6. Nb5 cxd4 7. Nd6+ Bxd6 8. exd6 Nf6 9. Qxd4 Qxd6 10. Bb5+ Nc6 11. Bxc6+ bxc6 12. Bf4 Qe7 13. O-O O-O 14. b4 a5 15. Bd2 Ne4 16. Ne5 Nxd2 17. Qxd2 Qxb4 18. Qxb4 axb4 19. Nxc6 Ba6 20. Rfb1 Bc4 21. Nxb4 Ra3 22. f3 Rfa8 23. Rb2 f6 24. Kf2 Kf7 25. g4 e5 26. Rd1 d4 27. Nc6 Rxa2 28. Rb7+ Kf8 29. Nb4 Rb2 0-1

[Event "4NCL Online Division 5"]
[Site "online"]
[Date "2021.09.21"]
[EventDate "2021.09.21"]
[Round "3.212"]
[White "Brown, Keanu"]
[WhiteElo "1400"]
[WhiteTeam "Downend 2"]
[Black "Braithwaite, Paul"]
[BlackElo "1199"]
[BlackTeam "Wolfpack 2"]
[Result "1-0"]
[PlyCount "41"]

1. e4 e5 2. Nf3 Nc6 3. Bc4 h6 4. d4 exd4 5. Nxd4 Nf6 6. Nxc6 bxc6 7. Nc3 Be7 8. e5 Nd5 9. Nxd5 cxd5 10. Bxd5 Rb8 11. O-O O-O 12. Re1 c6 13. Bb3 Bb4 14. c3 Be7 15. Bf4 Bg5 16. Qd2 Bxf4 17. Qxf4 a5 18. e6 dxe6 19. Qxb8 Qd2 20. Ba4 Qxb2 21. Qxb2 1-0

[Event "4NCL Online Division 5"]
[Site "online"]
[Date "2021.09.21"]
[EventDate "2021.09.21"]
[Round "3.213"]
[White "Smith, Henry"]
[WhiteElo "986"]
[WhiteTeam "Wolfpack 2"]
[Black "Bleeg, Elliott"]
[BlackElo "1314"]
[BlackTeam "Downend 2"]
[Result "0-1"]
[PlyCount "66"]

1. e4 e5 2. Nf3 Nc6 3. Bc4 Nf6 4. Ng5 d5 5. exd5 Na5 6. Bb5+ c6 7. dxc6 bxc6 8. Ba4 h6 9. Nf3 e4 10. Nd4 Qxd4 11. c3 Qd8 12. O-O Bd7 13. Re1 Be7 14. d3 exd3 15. Qxd3 O-O 16. Bf4 Bc5 17. b4 Bxf2+ 18. Kxf2 Qb6+ 19. Be3 Ng4+ 20. Kg1 Nxe3 21. bxa5 Qxa5 22. Rxe3 Rad8 23. Bc2 g6 24. Qf1 Qb6 25. Qf2 Qb2 26. Bb3 Qxa1 27. Qc2 Bf5 28. Re4 Kg7 29. Kf2 Bxe4 30. Qxe4 Qb2+ 31. Qc2 Qxc2+ 32. Bxc2 Rb8 33. Nd2 Rb2 0-1

[Event "4NCL Online Division 5"]
[Site "online"]
[Date "2021.09.21"]
[EventDate "2021.09.21"]
[Round "3.221"]
[White "Kariyawasam, Alexander"]
[WhiteElo "1149"]
[WhiteTeam "Colchester JFF C"]
[Black "Wedge, David C"]
[BlackElo "1877"]
[BlackTeam "Hebden Bridge 2"]
[Result "0-1"]
[PlyCount "72"]

1. e4 d6 2. d4 g6 3. Nc3 Bg7 4. Nf3 a6 5. Bd3 b5 6. Be3 Nd7 7. O-O Ngf6 8. b3 O-O 9. a4 b4 10. Na2 a5 11. e5 dxe5 12. dxe5 Ng4 13. Bf4 Ngxe5 14. Nxe5 Nxe5 15. Be4 Ra6 16. Qe2 f5 17. Rad1 Rd6 18. Rxd6 cxd6 19. Bd5+ e6 20. Bc4 Nxc4 21. Qxc4 Kh8 22. Rd1 e5 23. Bd2 d5 24. Qe2 d4 25. Be3 Bb7 26. f3 Qc7 27. Bf2 Rc8 28. Rd2 Bh6 29. Bg3 Be3+ 30. Kh1 f4 31. Be1 Bxd2 32. Qxd2 Qxc2 33. Qxc2 Rxc2 34. Nxb4 axb4 35. Bxb4 Rc1+ 36. Be1 Rxe1# 0-1

[Event "4NCL Online Division 5"]
[Site "online"]
[Date "2021.09.21"]
[EventDate "2021.09.21"]
[Round "3.222"]
[White "Leonard, Pete"]
[WhiteElo "1864"]
[WhiteTeam "Hebden Bridge 2"]
[Black "Salkauskas, Deimantas"]
[BlackElo "1066"]
[BlackTeam "Colchester JFF C"]
[Result "1-0"]
[PlyCount "65"]

1. e4 e5 2. Bc4 Bc5 3. Nc3 Nf6 4. d3 Nc6 5. f4 d6 6. Nf3 Na5 7. Bb3 Nxb3 8. axb3 Bg4 9. h3 Be6 10. Qe2 O-O 11. fxe5 dxe5 12. Nxe5 c6 13. Be3 Bxe3 14. Qxe3 Re8 15. Nf3 b5 16. O-O b4 17. Ne2 a5 18. Nf4 Bf5 19. Qf2 Be6 20. Nxe6 Rxe6 21. Nd4 Rd6 22. Nf5 Rd7 23. Rae1 a4 24. bxa4 Rxa4 25. e5 Nd5 26. Re4 Rda7 27. Rg4 g6 28. Nh6+ Kg7 29. Nxf7 Qf8 30. e6 Ra1 31. Qd4+ Nf6 32. Qxf6+ Kg8 33. Qh8# 1-0

[Event "4NCL Online Division 5"]
[Site "online"]
[Date "2021.09.21"]
[EventDate "2021.09.21"]
[Round "3.223"]
[White "Wilde, Grace"]
[WhiteElo "991"]
[WhiteTeam "Colchester JFF C"]
[Black "Allan, John M"]
[BlackElo "1799"]
[BlackTeam "Hebden Bridge 2"]
[Result "0-1"]
[PlyCount "32"]

1. e4 e5 2. Nf3 Nc6 3. Nc3 Nf6 4. Bb5 Nd4 5. a4 Bc5 6. Nxe5 Qe7 7. Nf3 Nxe4 8. O-O O-O 9. Re1 Nxc3 10. dxc3 Nxf3+ 11. gxf3 Qh4 12. Rf1 c6 13. Bc4 d5 14. Bd3 Bh3 15. Re1 Qxf2+ 16. Kh1 Bg2# 0-1

[Event "4NCL Online Division 5"]
[Site "online"]
[Date "2021.09.21"]
[EventDate "2021.09.21"]
[Round "3.224"]
[White "Hill, Ollie"]
[WhiteElo "1724"]
[WhiteTeam "Hebden Bridge 2"]
[Black "Ren, Jason"]
[BlackElo "680"]
[BlackTeam "Colchester JFF C"]
[Result "0-1"]
[PlyCount "72"]

1. e4 e5 2. Nf3 Nc6 3. Bb5 Bd6 4. O-O a6 5. Ba4 b5 6. Bb3 Nf6 7. Re1 Bc5 8. c3 d6 9. d3 Ng4 10. Rf1 Qf6 11. Bg5 Qg6 12. h3 Nf6 13. Re1 h6 14. Bh4 Bxh3 15. g3 Ng4 16. d4 Bb6 17. Bc2 O-O 18. a4 exd4 19. e5 d3 20. Bxd3 Bxf2+ 21. Kh1 Qe6 22. Ng1 Qd5+ 23. Be4 Qc5 24. Nxh3 Bxe1 25. Qxg4 Nxe5 26. Qf5 g6 27. Qf1 Rae8 28. Bf6 Bxg3 29. Nf4 Bxf4 30. Qxf4 Kh7 31. Nd2 Nd7 32. Bd4 Qh5+ 33. Kg2 Qe2+ 34. Kg3 c5 35. Rh1 h5 36. Rxh5+ Qxh5 0-1

[Event "4NCL Online Division 5"]
[Site "online"]
[Date "2021.09.21"]
[EventDate "2021.09.21"]
[Round "3.231"]
[White "Nagar, Nikunj"]
[WhiteElo "653"]
[WhiteTeam "East Kilbride Wanderers"]
[Black "Adatia, Amar"]
[BlackElo "1383"]
[BlackTeam "Streatham C"]
[Result "0-1"]
[PlyCount "120"]

1. e4 c5 2. Nf3 d6 3. Nc3 Nf6 4. g3 e6 5. Bg2 Nbd7 6. O-O Be7 7. d4 cxd4 8. Nxd4 a6 9. Be3 Qc7 10. Re1 O-O 11. Qd2 Ne5 12. Nf3 Nc4 13. Qd3 Nxb2 14. Qe2 Qxc3 15. Bd4 Qa3 16. Bxb2 Qxb2 17. Nd2 Qxc2 18. Rec1 Qa4 19. Nc4 Qb5 20. Rab1 Qh5 21. Bf3 Qg5 22. Ne3 e5 23. Kg2 h5 24. h4 Qg6 25. Rb2 Nxe4 26. Bxe4 Qxe4+ 27. Qf3 Qxf3+ 28. Kxf3 e4+ 29. Kxe4 d5+ 30. Nxd5 Ba3 31. Rcb1 Bxb2 32. Rxb2 Re8+ 33. Kd4 Rd8 34. Ke4 f5+ 35. Ke5 Re8+ 36. Kf4 Re4+ 37. Kf3 b5 38. Ne3 Bb7 39. Ke2 Rf8 40. f4 Rfe8 41. Rb3 Rxe3+ 42. Rxe3 Rxe3+ 43. Kxe3 Bd5 44. a3 Kf7 45. Kd4 Be4 46. Kc5 Bd3 47. Kb6 Ke6 48. Kxa6 b4+ 49. Kb6 bxa3 50. Ka5 a2 51. Ka4 a1=Q+ 52. Kb3 Qb1+ 53. Kc3 Qc2+ 54. Kb4 Qc4+ 55. Ka3 Bc2 56. Kb2 Qb3+ 57. Kc1 Qc3 58. g4 Bb3+ 59. Kb1 Qc2+ 60. Ka1 Qa2# 0-1

[Event "4NCL Online Division 5"]
[Site "online"]
[Date "2021.09.21"]
[EventDate "2021.09.21"]
[Round "3.232"]
[White "Buckman, Cyrus"]
[WhiteElo "1393"]
[WhiteTeam "Streatham C"]
[Black "Roul, Tushar"]
[BlackElo "472"]
[BlackTeam "East Kilbride Wanderers"]
[Result "1-0"]
[PlyCount "42"]

1. d4 d5 2. c4 e6 3. Nc3 Nf6 4. Nf3 Bb4 5. Bg5 O-O 6. e3 c6 7. Qc2 Nbd7 8. Bd3 h6 9. Bf4 Re8 10. O-O Nh5 11. Bg3 Nxg3 12. hxg3 Bxc3 13. bxc3 Nf6 14. cxd5 exd5 15. Rab1 b6 16. Ne5 Bb7 17. c4 Nd7 18. Bh7+ Kf8 19. Nxd7+ Qxd7 20. Bf5 Qd6 21. c5 bxc5 1-0